Statistics for Countries ending in 'land'

Click here to take the quiz!

General Stats

  • This quiz has been taken 1,405 times
  • The average score is 7 of 11

Answer Stats

Counries% Correct
Iceland
84%
Finland
78%
Ireland
78%
Poland
71%
New Zealand
66%
Switzerland
66%
Thailand
66%
Netherlands
65%
Swaziland
63%
Marshall Islands
28%
Solomon Islands
28%

Score Distribution

Percentile by Number Answered

Percent of People with Each Score

Your Score History

You have not taken this quiz